000 02740nam a22003737a 4500
005 20121001113850.0
008 090408t xxu||||| |||| 00| 0 hin d
010 _aHIN-96798 B-492352-355
020 _c395.00
_a9789350009680
035 _aHN-69144 B-492352-355
037 _bDBAD / PUB
037 _bविर्चुअस पब्लिकेशंस
040 _aDPL
_bHN
082 _a
100 _927482
_aगुप्ता, विनीता
245 _aहंस अकेलाः
_cविनीता गुप्ता
_bजैन मुनि आचार्य रूपचन्द्र के जीवन पर आधारित उपन्यास /
246 _aHans akela
_bby Vineeta Gupta
260 _bवाणी प्रकाशन
_c2012
_aनई दिल्ली
270 _a4695, 21-ए, दरियागंज
_bनई दिल्ली
_e110002
300 1 _a292 पृ.
_c22सेमी (सजिल्द)
650 _91169
650 _91170
700 _927483
710 _952094
711 _aसक्सेना,इरा
_952444
942 _adpl
_cHN
_2ddc
_mगुप्तावि
_h
999 _c70421
_d70421